000 00432pab a2200145 454500
008 180718b1990 xxu||||| |||| 00| 0 eng d
100 _aVisweswaraiah, S.S.
245 _aDiscretionary referrals
_bCompulsory adjudication and the Industrial Disputes Act 1942
260 _c1990
300 _a1-48
362 _aJan.-Mar.
650 _aLabour Dispute - Legislation
773 _aJournal of the Indian Law Institute
909 _a12264
999 _c12264
_d12264